| 000 | 01143nam a22003137a 4500 | ||
|---|---|---|---|
| 003 | DO-SdBNP | ||
| 005 | 20171205124825.0 | ||
| 008 | 060721 1983 xxu a 1 spa | ||
| 017 |
_a _b |
||
| 035 | _a | ||
| 040 |
_aBPMSU _bspa _cBPMSU _e |
||
| 082 |
_a _b |
||
| 092 |
_axxx _bxxx _2 |
||
| 240 | 0 | 0 |
_aold testament: student manual Genesis- 2 Samuel/ _lEspañol |
| 245 | 0 | 3 |
_aEl antiguo testamento : Genesis - 2 Samuel : _bmanual para el alumno (Religión 301) _h |
| 260 |
_aSalt Lake City, Utah, E.U.A. : _bIglesia de Jesucristo de los Santos de los Últimos Días, _c1986. _e _f |
||
| 300 |
_a350 p. ; _bil. _c29 cm. |
||
| 500 | _aIncluye índice de autores, páginas; 303-310. | ||
| 500 | _aIncluye índice de pasajes de las escrituras, páginas; 311-328. | ||
| 500 | _aIncluye índice temático, páginas; 329-350. | ||
| 500 | _aPreparado por el sistema educacional de la iglesia. | ||
| 650 | _2NOVELA INGLESA | ||
| 650 | 4 | _2MAGIA - NOVELA | |
| 650 | 4 | _2NOVELA JUVENIL INGLESA | |
| 942 |
_2ddc _cBK |
||
| 945 | _ainventariado extranjero / DG | ||
| 956 |
_aYLOCKWARD _210 _6BPMSU _800144 |
||
| 980 |
_a _a _b _j _c |
||
| 999 |
_c12817 _d12817 |
||